=LDR 00000nam 2200000 4500 =001 INLIS000000000000914 =005 20130612085331 =008 ***********************************Ind** =035 ##$$0010-061300000000914 =041 ##$$a Ind =082 ##$$a 301.076 =090 ##$$a 301.076, Suh-t =100 ##$$a Suharto =245 ##$$a Tanya jawab sosiologi, Suharto =260 ##$$a 1991 $b Jakarta =300 ##$$a v, 169 hlm, 21 cm =650 ##$$a Sosiologi =650 ##$$a Tes dan evaluasi =850 ##$$a NBPNMAT